<?xml version="1.0" encoding="UTF-8"?>
<collection xmlns="http://www.loc.gov/MARC21/slim">
  <record>
    <leader>00000nam  2200000   4500</leader>
    <controlfield tag="001">INLIS000000000003082</controlfield>
    <controlfield tag="005">20190624031416</controlfield>
    <datafield tag="035" ind1="#" ind2="#">
      <subfield code="a">0010-0718003082</subfield>
    </datafield>
    <controlfield tag="008">190624################g##########0#ind##</controlfield>
    <datafield tag="041" ind1=" " ind2=" ">
      <subfield code="a">id</subfield>
    </datafield>
    <datafield tag="082" ind1="#" ind2="#">
      <subfield code="a">153.6</subfield>
    </datafield>
    <datafield tag="090" ind1=" " ind2=" ">
      <subfield code="a">153.6 Atk m</subfield>
    </datafield>
    <datafield tag="100" ind1=" " ind2="#">
      <subfield code="a">Atkinson, Jacqueline M.</subfield>
    </datafield>
    <datafield tag="245" ind1="1" ind2="#">
      <subfield code="a">Mengatasi stress di tempat kerja. /</subfield>
      <subfield code="c">Jacqueline M. Atkinson</subfield>
    </datafield>
    <datafield tag="250" ind1="#" ind2="#">
      <subfield code="a">ed.1</subfield>
    </datafield>
    <datafield tag="260" ind1="#" ind2="#">
      <subfield code="a">Jakarta :</subfield>
      <subfield code="b">Binarupa aksara,</subfield>
      <subfield code="c">1991</subfield>
    </datafield>
    <datafield tag="300" ind1="#" ind2="#">
      <subfield code="a">164 hlm. : ilus. ; 22 cm.</subfield>
    </datafield>
    <datafield tag="650" ind1=" " ind2="#">
      <subfield code="a">Psikologi</subfield>
    </datafield>
    <datafield tag="084" ind1="#" ind2="#">
      <subfield code="a">153.6 Atk m</subfield>
    </datafield>
    <datafield tag="520" ind1="#" ind2="#">
      <subfield code="a">Didalam Mengatasi Stres di Tempat Kerja, Jacqueline Atkinson menjabarkan bagaimana mengatasi stres dengan cara yang sesuai dengan anda dan lingkugan kerja anda. Ia juga memperhatikan sumber-sumber stres dan memperlihatkan bagaimana cara mengatasi masalahnya dan usaha memperbaiki masalah tersebut dapat menjadikan anda lebih bahagia dan lebih efisien dalam pekerjaan anda lebih menekankan pentingnya makan dengan benar dan memperlajari bagaimana stres yang berhubungan dengan kerja dapat menyebabkan terjadinya sejumlah masalah fisik dan mental.</subfield>
    </datafield>
    <datafield tag="856" ind1="#" ind2="#">
      <subfield code="a">Perpustakaan Lembaga Administrasi Negara</subfield>
    </datafield>
    <datafield tag="990" ind1="#" ind2="#">
      <subfield code="a">080511332</subfield>
    </datafield>
    <datafield tag="990" ind1="#" ind2="#">
      <subfield code="a">24900</subfield>
    </datafield>
    <datafield tag="990" ind1="#" ind2="#">
      <subfield code="a">080511332</subfield>
    </datafield>
    <datafield tag="990" ind1="#" ind2="#">
      <subfield code="a">24900</subfield>
    </datafield>
  </record>
</collection>
